000 00598nam a2200169 a 4500
001 000029442
005 20240315194914.0
008 110415s1999 dr abd 000 | spa d
040 _aDO-SdBNP
_bspa
_cBNPHU
082 _axxx
_bM766e
100 1 _aMontás, Juan Temístocles
_d1950-
_979676
245 1 0 _aEstadísticas seleccionadas de República Dominicana /
_cTemístocles Montás, Martiza Rossi de Pérez.
260 _aSanto Domingo :
_bOficina Nacional de Estadísticas,
_c1999.
300 _a32 p. :
_bil., mapas, diagr. ;
_c21 cm.
700 1 _aPérez, Martiza Rossi de
_956319
049 _aBNPD
999 _c28934
_d28934